Scottish vacant and derelict land survey 2005 (Record no. 105157)
[ view plain ]
| 000 -LEADER | |
|---|---|
| fixed length control field | 01286cam a2200205 4500 |
| 001 - CONTROL NUMBER | |
| control field | ##L132496 |
| 008 - FIXED-LENGTH DATA ELEMENTS--GENERAL INFORMATION | |
| fixed length control field | 060213n2006 000 0 eng u |
| 035 ## - SYSTEM CONTROL NUMBER | |
| System control number | (Sirsi) u132496 |
| 041 0# - LANGUAGE CODE | |
| Language code of text/sound track or separate title | eng |
| 050 04 - LIBRARY OF CONGRESS CALL NUMBER | |
| Classification number | 711.52 $2 18 |
| 110 1# - MAIN ENTRY--CORPORATE NAME | |
| Corporate name or jurisdiction name as entry element | Scotland |
| Subordinate unit | Scottish Executive |
| 9 (RLIN) | 4769 |
| 245 00 - TITLE STATEMENT | |
| Title | Scottish vacant and derelict land survey 2005 |
| 260 ## - PUBLICATION, DISTRIBUTION, ETC. | |
| Place of publication, distribution, etc. | Edinburgh |
| Name of publisher, distributor, etc. | Scottish Executive |
| Date of publication, distribution, etc. | 2006 |
| 490 #0 - SERIES STATEMENT | |
| Series statement | Scottish Executive Statistical Bulletin Environment Series |
| Volume/sequential designation | (ENV/2006/1) January 2006 |
| 520 ## - SUMMARY, ETC. | |
| Summary, etc. | Presents a summary of the results from the 2005 "Scottish vacant and derelict land survey", the fifteenth survey in the series. It is the only national data source for vacant and derelict land in Scotland. It highlights that there were 10 570 hectares of derelict and urban vacant recorded in the 2005 survey, of which 2 973 hectares were urban vacant and 7 597 were derelict. The amount of derelict and urban vacant land recorded by the survey has decreased over the past 10 years from 13 571 hectares in 1995 to 10 570 hectares in 2005. |
| 590 ## - LOCAL NOTE (RLIN) | |
| Local note | IKA140206 |
| 690 ## - LOCAL SUBJECT ADDED ENTRY--TOPICAL TERM (OCLC, RLIN) | |
| Topical term or geographic name as entry element | PROPERTY-PROPERTY MANAGEMENT-REGENERATION |
| 856 40 - ELECTRONIC LOCATION AND ACCESS | |
| Uniform Resource Identifier | <a href="https://www.scotland.gov.uk/Publications/2006/01/30155550/0 ">https://www.scotland.gov.uk/Publications/2006/01/30155550/0 </a> |
| Public note | View the statistical bulletin free of charge at www.scotland.gov.uk... |
| 942 ## - ADDED ENTRY ELEMENTS (KOHA) | |
| Suppress in OPAC | 0 |
| Withdrawn status | Lost status | Source of classification or shelving scheme | Damaged status | Not for loan | Home library | Current library | Shelving location | Date acquired | Total Checkouts | Full call number | Barcode | Date last seen | Copy number | Price effective from | Koha item type |
|---|---|---|---|---|---|---|---|---|---|---|---|---|---|---|---|
| Dewey Decimal Classification | Virtual | Virtual | Online | 13/02/2006 | ONLINE PUBLICATION | 132496-2001 | 06/08/2019 | 1 | 06/08/2019 | Book |